000 00528nam a2200181Ia 4500
008 090124s9999 xx 000 0 und d
082 _b119053
100 _aविष्णुपुरीकर वासुदेव
245 _a कसाई
250 _a1
260 _c1981
300 _a144
600 _aविष्णुपुरीकर वासुदेव
630 _a कसाई
700 _aविष्णुपुरीकर वासुदेव
730 _a कसाई
942 _cBOOK
999 _c165139
_d165139